Aasian maantiedettä kirjaimittain - T - Statistics

Yleistilastot
  • Tätä visaa on pelattu 390 kertaa
  • Keskiarvotulos 12 / 20
Vastaustilastot
Vihje Vastaus % Oikein
Iranin pääkaupunki Teheran
94%
Pieni osa tästä valtiosta sijaitsee Euroopassa Turkki
90%
Kiinan tasavalta Taiwan
85%
Valtio Indokiinassa Thaimaa
78%
Yllä olevan pääkaupunki Taipei
75%
Georgian pääkaupunki Tbilisi
75%
Yli 40 miljoonan asukkaan kaupunkialue Tokio
75%
Kiinan vuonna 1951 valloittama buddhalainen valtio Tiibet
73%
Sen pääkaupunki on Dušanbe Tadžikistan
72%
Muun muassa Laozin opetuksista muodostunut kiinalainen filosofia ja uskonto Taolaisuus
71%
Valkoisesta marmorista rakennettu mausoleumi Agrassa Taj Mahal
67%
Toinen Kaksoisvirtainmaan suurista joista Tigris
65%
Vuoden 1989 verilöylystä tunnettu aukio Pekingissä Taivaallisen rauhan aukio
64%
Filippiinien puhutuin äidinkieli Tagalog
46%
Intian eteläosissa ja Sri Lankassa puhuttu kieli Tamili
37%
Suuri satamakaupunki Pekingin vieressä Tianjin
27%
Rauniokaupunki, josta Homeros kertoi Ilias-runoelmassaan Troija
23%
Sidonin ohella toinen merkittävä muinainen kaupunki Libanonissa Tyros
17%
Vietnamin pohjoisosien merenlahti, jossa tapahtui "välikohtaus" vuonna 1964 {Tonkinin}lahti
16%
Tämän Indonesian järven supertulivuori purkautui 70 000 vuotta sitten {Toba}järvi
11%
Ehtoja vastaavia visoja ei löytynyt
Tulosjakauma
Jokaisen tuloksen saaneiden osuus
Persentiili vastausten määrän mukaan
Tuloshistoriasi
Et ole pelannut tätä visaa